[Event "Zurich Chess Challenge (rapid) 2015"]
[Site "Zurich SUI"]
[Date "2015.02.19"]
[Round "4"]
[White "Karjakin, Sergey"]
[Black "Kramnik, V."]
[Result "1-0"]
[WhiteElo "2760"]
[BlackElo "2783"]
[PlyCount "135"]
[EventDate "2015.02.19"]

1. Nf3 d5 2. g3 Nf6 3. Bg2 c6 4. c4 dxc4 5. O-O Nbd7 6. Na3 Nb6 7. Ne5 Be6 8.
Qc2 g6 9. Naxc4 Nxc4 10. Nxc4 Bg7 11. Rd1 O-O 12. d4 Qc8 13. e4 Rd8 14. Bf4 Ne8
15. Ne5 Bh3 16. Qb3 Nd6 17. Rac1 Bxg2 18. Kxg2 Qe6 19. Qxe6 fxe6 20. Kf3 a5 21.
a4 Ra6 22. b3 Nf7 23. Nxf7 Kxf7 24. e5 Rd5 25. Ke4 b5 26. Rd3 Rb6 27. Bd2 bxa4
28. bxa4 Rb2 29. f4 Ra2 30. Rc4 g5 31. h3 gxf4 32. Bxf4 h5 33. h4 Ra1 34. Rb3
Re1+ 35. Kf3 Rd1 36. Be3 Rf1+ 37. Ke2 Ra1 38. Bf4 Kg6 39. Bg5 Ra2+ 40. Kf3 Kf5
41. Bxe7 Bh6 42. Bd6 Rd2 43. Bc5 Rd7 44. Rb8 Rf7 45. Rg8 Rd3+ 46. Kg2 Rd2+ 47.
Kh3 Ke4 48. Rc1 Be3 49. Rh8 Rf3 50. Rxh5 Bf4 51. Re1+ Kd5 52. Kg4 Bxg3 53. Kxf3
Bxe1 54. Rh8 Rf2+ 55. Kg4 Ke4 56. Kg5 Bc3 57. Rd8 Be1 58. Rd6 Rg2+ 59. Kf6
Bxh4+ 60. Kxe6 Ra2 61. Kd7 Rxa4 62. e6 Rc4 63. e7 Bxe7 64. Re6+ Kd3 65. Rxe7 a4
66. Kxc6 a3 67. Ra7 Rc3 68. d5 1-0

[Event "Zurich Chess Challenge (rapid) 2015"]
[Site "Zurich SUI"]
[Date "2015.02.19"]
[Round "4"]
[White "Caruana, F."]
[Black "Aronian, L."]
[Result "1/2-1/2"]
[WhiteElo "2811"]
[BlackElo "2777"]
[PlyCount "107"]
[EventDate "2015.02.19"]

1. e4 e5 2. Nf3 Nc6 3. Bc4 Bc5 4. c3 Nf6 5. d3 a6 6. Bb3 O-O 7. Nbd2 d6 8. O-O
Re8 9. Re1 Be6 10. Nf1 d5 11. Bg5 dxe4 12. dxe4 Qxd1 13. Raxd1 Bxb3 14. axb3
Ng4 15. Re2 h6 16. Bh4 g5 17. Bg3 Nf6 18. b4 Ba7 19. h3 Nh5 20. Bh2 f6 21. Rd7
Re7 22. Red2 Kf7 23. Ne1 Ke8 24. Rxe7+ Nxe7 25. Nc2 Nf4 26. Nfe3 h5 27. Kf1 Rd8
28. Rxd8+ Kxd8 29. Bxf4 gxf4 30. Nc4 Kd7 31. Ke2 b5 32. Nd2 Nc8 33. Ne1 c5 34.
Nd3 c4 35. Ne1 Nb6 36. b3 cxb3 37. Nxb3 Na4 38. Nd3 Nxc3+ 39. Kf3 Kd6 40. g3 f5
41. Nd2 fxe4+ 42. Nxe4+ Nxe4 43. Kxe4 fxg3 44. fxg3 Bd4 45. g4 hxg4 46. hxg4
Bc3 47. g5 a5 48. bxa5 Bxa5 49. Nxe5 Ke6 50. Nc6 Bb6 51. Nd4+ Bxd4 52. Kxd4 Kf5
53. Kc5 Kxg5 54. Kxb5 1/2-1/2

[Event "Zurich Chess Challenge (rapid) 2015"]
[Site "Zurich SUI"]
[Date "2015.02.19"]
[Round "5"]
[White "Kramnik, V."]
[Black "Caruana, F."]
[Result "1-0"]
[WhiteElo "2783"]
[BlackElo "2811"]
[PlyCount "65"]
[EventDate "2015.02.19"]

1. Nf3 Nf6 2. g3 g6 3. b3 Bg7 4. Bb2 c5 5. Bg2 O-O 6. c4 d6 7. d4 Ne4 8. O-O
Nc6 9. h3 Bf5 10. e3 Nf6 11. Nc3 cxd4 12. Nxd4 Bd7 13. Qe2 a6 14. Rfd1 Rc8 15.
Rac1 Qa5 16. a3 Rfe8 17. b4 Qc7 18. Nb3 Qb8 19. c5 Be6 20. Nd4 Nxd4 21. exd4
Bb3 22. Re1 e5 23. dxe5 Rxe5 24. Ne4 Rxe4 25. Bxe4 Be6 26. Bg2 dxc5 27. Be5 Qa7
28. bxc5 Rxc5 29. Bd4 Nd7 30. Bxc5 Nxc5 31. Red1 h5 32. Bd5 b5 33. Qe3 1-0

[Event "Zurich Chess Challenge (rapid) 2015"]
[Site "Zurich SUI"]
[Date "2015.02.19"]
[Round "5"]
[White "Anand, V."]
[Black "Karjakin, Sergey"]
[Result "1/2-1/2"]
[WhiteElo "2797"]
[BlackElo "2760"]
[PlyCount "59"]
[EventDate "2015.02.19"]

1. d4 Nf6 2. c4 e6 3. Nf3 b6 4. g3 Ba6 5. Nbd2 Bb7 6. Bg2 Be7 7. O-O O-O 8. Qc2
d5 9. cxd5 exd5 10. Nb1 Re8 11. Nc3 Bb4 12. Bg5 Nbd7 13. Rac1 h6 14. Bxf6 Nxf6
15. e3 c6 16. Ne5 Bd6 17. f4 c5 18. Bf3 Rc8 19. Qb3 cxd4 20. exd4 Bf8 21. Ne2
Qd6 22. a3 a6 23. Rc3 Rxc3 24. Nxc3 b5 25. Rd1 Rc8 26. Kg2 Rc7 27. Nd3 Qb6 28.
Ne5 Qd6 29. Nd3 Qb6 30. Ne5 1/2-1/2

[Event "3rd FIDE Grand Prix Series 2014/15"]
[Site "Tbilisi GEO"]
[Date "2015.02.20"]
[Round "5"]
[White "Tomashevsky, E."]
[Black "Giri, A."]
[Result "1/2-1/2"]
[WhiteElo "2716"]
[BlackElo "2797"]
[PlyCount "101"]
[EventDate "2015.02.14"]

1. d4 Nf6 2. c4 g6 3. Nc3 Bg7 4. e4 d6 5. Nf3 O-O 6. h3 e5 7. d5 Nh5 8. g3 f5
9. exf5 gxf5 10. Nh4 Nf6 11. Bg5 Na6 12. Bd3 h6 13. Be3 Nh7 14. f4 exf4 15.
Bxf4 Ng5 16. Kf1 Bd7 17. Kg2 Nc5 18. Qc2 Qf6 19. Rae1 Nxd3 20. Qxd3 Rae8 21.
Qd2 a6 22. Rxe8 Rxe8 23. Re1 Rxe1 24. Qxe1 b5 25. Qe2 bxc4 26. Qxc4 Qe7 27. Qd3
Qf7 28. Nf3 Nxf3 29. Qxf3 Bc8 30. Kf2 Bb7 31. Qd3 h5 32. Be3 h4 33. Bd4 Bf8 34.
Qf3 Be7 35. Ke2 Qg6 36. gxh4 Bxh4 37. a3 Kf7 38. Kd2 Ke8 39. Bf2 Bg5+ 40. Be3
Bf6 41. Kc1 Be5 42. Bf4 Bf6 43. Qe3+ Kd8 44. Qg3 Qxg3 45. Bxg3 Bg5+ 46. Kc2 Ke7
47. Kd3 Kf6 48. Bf2 Kg6 49. b4 Bc8 50. Ne2 f4 51. Ke4 1/2-1/2

[Event "3rd FIDE Grand Prix Series 2014/15"]
[Site "Tbilisi GEO"]
[Date "2015.02.20"]
[Round "5"]
[White "Vachier Lagrave, M."]
[Black "Radjabov, T."]
[Result "1/2-1/2"]
[WhiteElo "2775"]
[BlackElo "2731"]
[PlyCount "74"]
[EventDate "2015.02.14"]

1. e4 e6 2. d4 d5 3. Nc3 Bb4 4. e5 c5 5. a3 Bxc3+ 6. bxc3 Ne7 7. Qg4 Qc7 8.
Qxg7 Rg8 9. Qxh7 cxd4 10. Ne2 Nbc6 11. f4 dxc3 12. Qd3 d4 13. Nxd4 Nxd4 14.
Qxd4 Bd7 15. Rg1 Nf5 16. Qf2 Qc6 17. g4 Qe4+ 18. Qe2 Qd5 19. Bg2 Qc5 20. Qf2
Nd4 21. Be4 O-O-O 22. Be3 Bc6 23. Bd3 Qd5 24. Bxd4 Qxd4 25. Qxd4 Rxd4 26. Rb1
Rxf4 27. Rb4 Rxb4 28. axb4 Rh8 29. b5 Be8 30. Rh1 Kc7 31. h4 Kb6 32. h5 Bxb5
33. Ke2 Bxd3+ 34. Kxd3 Kc5 35. Rf1 Rg8 36. Rxf7 Rxg4 37. Kxc3 Kd5 1/2-1/2

[Event "3rd FIDE Grand Prix Series 2014/15"]
[Site "Tbilisi GEO"]
[Date "2015.02.20"]
[Round "5"]
[White "Kasimdzhanov, R."]
[Black "Svidler, P."]
[Result "1-0"]
[WhiteElo "2705"]
[BlackElo "2739"]
[PlyCount "57"]
[EventDate "2015.02.14"]

1. d4 Nf6 2. c4 g6 3. Nc3 d5 4. cxd5 Nxd5 5. Bd2 Nb6 6. e3 Bg7 7. f4 O-O 8. Nf3
Bg4 9. h3 Bxf3 10. Qxf3 N8d7 11. O-O-O e6 12. Kb1 c5 13. dxc5 Nxc5 14. e4 Qe7
15. Be2 Rad8 16. Rhe1 Rd4 17. e5 f6 18. Nb5 Rd5 19. Bb4 fxe5 20. Qa3 Nbd7 21.
Bg4 Rxf4 22. Rxd5 exd5 23. Nc3 Rf7 24. Nxd5 Qd6 25. Rd1 b6 26. Qxa7 e4 27. Bxd7
e3 28. Nxe3 Qe5 29. Qa8+ 1-0

[Event "3rd FIDE Grand Prix Series 2014/15"]
[Site "Tbilisi GEO"]
[Date "2015.02.20"]
[Round "5"]
[White "Andreikin, D."]
[Black "Dominguez Perez, L."]
[Result "0-1"]
[WhiteElo "2737"]
[BlackElo "2726"]
[PlyCount "134"]
[EventDate "2015.02.14"]

1. e4 e5 2. Nf3 Nc6 3. Bb5 a6 4. Ba4 Nf6 5. O-O Be7 6. Bxc6 dxc6 7. d3 Nd7 8.
Nbd2 f6 9. Nc4 Nc5 10. Ne3 O-O 11. Nf5 Bxf5 12. exf5 Qd7 13. Nh4 Rfe8 14. Be3
Na4 15. Qg4 b5 16. b3 Nc3 17. Nf3 Nd5 18. Qe4 Nc3 19. Qg4 Nd5 20. Bd2 Ba3 21.
Rae1 c5 22. c4 Ne7 23. Nh4 Bb4 24. Bh6 Nc8 25. Re2 Nd6 26. Rd1 Kh8 27. Bc1 g5
28. Bxg5 Qg7 29. Bxf6 Qxf6 30. Qh5 Rg8 31. f4 exf4 32. Ng6+ Kg7 33. Nxf4 Qxf5
34. Re7+ Kh8 35. Qh4 Bc3 36. Rf1 Bd4+ 37. Kh1 Rg7 38. Ree1 Qg4 39. Qh6 Qg5 40.
Qxg5 Rxg5 41. Ne6 Rh5 42. g4 Rh4 43. g5 c6 44. Kg2 h6 45. Kg3 hxg5 46. Nxg5 Rh6
47. h4 Bf6 48. Kg4 Rg8 49. Rf3 Rhg6 50. Re6 Bxg5 51. Rxg6 Rxg6 52. hxg5 Kg7 53.
Re3 Nf7 54. Kf5 Rxg5+ 55. Ke6 b4 56. Kd7 Ne5+ 57. Ke6 Ng4 58. Re2 Rg6+ 59. Kd7
a5 60. Kc7 Kf7 61. Kb6 Re6 62. Rd2 Ne5 63. Kxa5 Ke7 64. Rh2 Kd6 65. Kb6 Nxd3
66. Rh8 Ke5 67. Rh4 Rf6 0-1

[Event "3rd FIDE Grand Prix Series 2014/15"]
[Site "Tbilisi GEO"]
[Date "2015.02.20"]
[Round "5"]
[White "Jakovenko, D."]
[Black "Grischuk, A."]
[Result "1/2-1/2"]
[WhiteElo "2733"]
[BlackElo "2810"]
[PlyCount "27"]
[EventDate "2015.02.14"]

1. d4 Nf6 2. c4 g6 3. g3 c5 4. d5 Bg7 5. Bg2 d6 6. Nc3 O-O 7. Nf3 e6 8. O-O
exd5 9. cxd5 Re8 10. Bf4 Bf5 11. Nh4 Bc8 12. Nf3 Bf5 13. Nh4 Bc8 14. Nf3
1/2-1/2

[Event "3rd FIDE Grand Prix Series 2014/15"]
[Site "Tbilisi GEO"]
[Date "2015.02.20"]
[Round "5"]
[White "Jobava, Ba"]
[Black "Mamedyarov, S."]
[Result "1-0"]
[WhiteElo "2696"]
[BlackElo "2759"]
[PlyCount "54"]
[EventDate "2015.02.14"]

1. b3 Nf6 2. Bb2 g6 3. Nc3 Bg7 4. d4 c5 5. e3 cxd4 6. exd4 d5 7. Qd2 Nc6 8.
O-O-O Qa5 9. f3 h5 10. Kb1 Bf5 11. Bd3 Nxd4 12. Nge2 Nxe2 13. Qxe2 Bd7 14. Rhe1
e6 15. Bxg6 fxg6 16. Nxd5 Nxd5 17. Bxg7 Rg8 18. Qe5 Rxg7 19. Rxd5 Qb4 20. Rd6
Kf8 21. Red1 Bc6 22. R1d4 Qb5 23. Rd8+ Rxd8 24. Rxd8+ Ke7 25. Qd6+ Kf6 26. Qd4+
Kf7 27. Qf4+ Ke7 1-0

[Event "3rd FIDE Grand Prix Series 2014/15"]
[Site "Tbilisi GEO"]
[Date "2015.02.21"]
[Round "6"]
[White "Svidler, P."]
[Black "Andreikin, D."]
[Result "1-0"]
[WhiteElo "2739"]
[BlackElo "2737"]
[PlyCount "87"]
[EventDate "2015.02.14"]

1. e4 e5 2. Nf3 Nc6 3. Bb5 Nf6 4. d3 Bc5 5. O-O d6 6. Nbd2 O-O 7. c3 Bb6 8.
Bxc6 bxc6 9. Re1 Re8 10. h3 Nd7 11. d4 exd4 12. cxd4 d5 13. b3 c5 14. exd5
Rxe1+ 15. Qxe1 Bb7 16. Bb2 Bxd5 17. Qe3 cxd4 18. Bxd4 Nf8 19. Ne4 Qe7 20. Re1
Ne6 21. Nc3 Bc6 22. Bxb6 axb6 23. Nd4 Bd7 24. Nd5 Qc5 25. Nxe6 Bxe6 26. Qxc5
bxc5 27. Nc3 Rb8 28. Re5 c4 29. bxc4 Bxc4 30. Rc5 Be6 31. Rxc7 Kf8 32. a4 Rb3
33. Ne4 Bd5 34. Nc5 Rb1+ 35. Kh2 Rb2 36. Kg3 g5 37. Rd7 Bc6 38. Rd6 Be8 39. a5
Rb5 40. Rd5 Ke7 41. Rxg5 Rxa5 42. Re5+ Kd6 43. Rxe8 Rxc5 44. f4 1-0

[Event "3rd FIDE Grand Prix Series 2014/15"]
[Site "Tbilisi GEO"]
[Date "2015.02.21"]
[Round "6"]
[White "Giri, A."]
[Black "Jobava, Ba"]
[Result "1/2-1/2"]
[WhiteElo "2797"]
[BlackElo "2696"]
[PlyCount "118"]
[EventDate "2015.02.14"]

1. Nf3 Nf6 2. c4 c6 3. Nc3 d5 4. e3 g6 5. d4 Bg7 6. Be2 O-O 7. O-O Bg4 8. cxd5
cxd5 9. Qb3 b6 10. h3 Bxf3 11. Bxf3 e6 12. Qa4 Qd7 13. Bd2 Rc8 14. Qxd7 Nbxd7
15. Rfc1 Ne8 16. Be2 a6 17. a4 Nd6 18. b3 Bf8 19. Kf1 Be7 20. Bd3 Kf8 21. Be1
Ke8 22. f3 Nb8 23. e4 Nc6 24. Ne2 Bg5 25. Rd1 Kd7 26. g4 Be3 27. Bb1 f6 28.
exd5 exd5 29. Ra2 Re8 30. Nc3 Nb4 31. Re2 Rac8 32. Ne4 dxe4 33. fxe4 Nxe4 34.
Rxe3 Nc3 35. Rxe8 Kxe8 36. Rc1 Nbd5 37. Bd2 Kd7 38. Bd3 b5 39. axb5 axb5 40.
Kf2 b4 41. Ra1 Rc7 42. h4 Ne7 43. Bf4 Rb7 44. Ra8 Ncd5 45. Bh2 f5 46. gxf5 Nxf5
47. Be4 Rb5 48. Ra7+ Ke6 49. Bd3 Rb6 50. Rxh7 Rc6 51. h5 Rc3 52. Be4 gxh5 53.
Rxh5 Nde3 54. d5+ Kf6 55. Bf4 Rxb3 56. d6 Ke6 57. Ke1 Rc3 58. Rh7 Rc4 59. d7
Rd4 1/2-1/2

[Event "3rd FIDE Grand Prix Series 2014/15"]
[Site "Tbilisi GEO"]
[Date "2015.02.21"]
[Round "6"]
[White "Radjabov, T."]
[Black "Grischuk, A."]
[Result "1-0"]
[WhiteElo "2731"]
[BlackElo "2810"]
[PlyCount "47"]
[EventDate "2015.02.14"]

1. e4 c5 2. Nf3 d6 3. d4 cxd4 4. Nxd4 Nf6 5. Nc3 a6 6. Bg5 e6 7. f4 Qb6 8. Qd2
Qxb2 9. Rb1 Qa3 10. e5 h6 11. Bh4 dxe5 12. fxe5 g5 13. Bg3 Nh5 14. Ne4 Nd7 15.
Rb3 Qxa2 16. Be2 Nc5 17. Nc3 Nxb3 18. Nxb3 Bb4 19. Bxh5 Qb2 20. O-O Qxc3 21.
Bxf7+ Ke7 22. Qf2 Kd7 23. Qb6 Rf8 24. Be1 1-0

[Event "3rd FIDE Grand Prix Series 2014/15"]
[Site "Tbilisi GEO"]
[Date "2015.02.21"]
[Round "6"]
[White "Mamedyarov, S."]
[Black "Jakovenko, D."]
[Result "1/2-1/2"]
[WhiteElo "2759"]
[BlackElo "2733"]
[PlyCount "152"]
[EventDate "2015.02.14"]

1. e4 e5 2. Nc3 Nf6 3. g3 d5 4. exd5 Nxd5 5. Bg2 Nxc3 6. bxc3 Nc6 7. Nf3 Bc5 8.
O-O O-O 9. Re1 Qf6 10. d3 Bg4 11. h3 Bh5 12. Be3 Bb6 13. g4 Bg6 14. Nd2 Qh4 15.
a4 f5 16. gxf5 Bh5 17. Nf3 Qe7 18. Bxb6 axb6 19. d4 Rxf5 20. Qd3 Raf8 21. Nxe5
Nxe5 22. Rxe5 Rxe5 23. dxe5 Qxe5 24. Qd5+ Qxd5 25. Bxd5+ Kh8 26. Bxb7 Rf5 27.
Re1 Rc5 28. Re3 Kg8 29. Be4 Bf7 30. Bd3 Kf8 31. Bb5 Bg6 32. Bd3 Bxd3 33. Rxd3
Rc4 34. Kg2 Rxa4 35. Kg3 Ke7 36. h4 g6 37. f3 Ke6 38. Kh3 Rc4 39. Kg3 Ra4 40.
Re3+ Kf6 41. Rd3 Rc4 42. Re3 Kf5 43. Rd3 c6 44. Re3 b5 45. Rd3 Rc5 46. Re3 Re5
47. Rd3 Rd5 48. Re3 Rd2 49. f4 Kf6 50. Re5 Rd5 51. Re3 Rc5 52. Kf3 Rc4 53. Kg4
h6 54. Kg3 Kf5 55. Re5+ Kf6 56. Re3 h5 57. Kf3 Kf5 58. Re5+ Kf6 59. Re3 c5 60.
Rd3 Ke6 61. Re3+ Kd6 62. Rd3+ Kc6 63. Ke3 Ra4 64. Rd8 Rc4 65. Rg8 Rxc3+ 66. Kd2
Rh3 67. Rxg6+ Kd5 68. Rg5+ Kd4 69. Rxh5 b4 70. Rg5 c4 71. Rg1 Rxh4 72. f5 Rf4
73. Kc1 Rxf5 74. Kb2 Ke3 75. Re1+ Kd2 76. Re4 Rc5 1/2-1/2

[Event "3rd FIDE Grand Prix Series 2014/15"]
[Site "Tbilisi GEO"]
[Date "2015.02.21"]
[Round "6"]
[White "Vachier Lagrave, M."]
[Black "Kasimdzhanov, R."]
[Result "1/2-1/2"]
[WhiteElo "2775"]
[BlackElo "2705"]
[PlyCount "60"]
[EventDate "2015.02.14"]

1. e4 e5 2. Nf3 Nf6 3. Nxe5 d6 4. Nf3 Nxe4 5. Nc3 Nxc3 6. dxc3 Be7 7. Be3 Nc6
8. Qd2 Be6 9. O-O-O Qd7 10. Kb1 Bf6 11. h4 a6 12. Ng5 Bf5 13. f3 h5 14. Bc4 Ne5
15. Bb3 Bxg5 16. hxg5 O-O-O 17. Bd4 f6 18. gxf6 gxf6 19. Qf4 Rdf8 20. c4 Ng6
21. Qd2 Qc6 22. Qa5 Ne5 23. c5 dxc5 24. Bxc5 Rd8 25. Bd4 Qd7 26. Ba4 Qg7 27. f4
Qg4 28. Rhf1 Nc4 29. Qc3 b5 30. Bb3 Rhe8 1/2-1/2

[Event "3rd FIDE Grand Prix Series 2014/15"]
[Site "Tbilisi GEO"]
[Date "2015.02.21"]
[Round "6"]
[White "Dominguez Perez, L."]
[Black "Tomashevsky, E."]
[Result "1/2-1/2"]
[WhiteElo "2726"]
[BlackElo "2716"]
[PlyCount "75"]
[EventDate "2015.02.14"]

1. e4 e5 2. Nf3 Nc6 3. Bb5 a6 4. Ba4 Nf6 5. O-O Be7 6. Re1 b5 7. Bb3 O-O 8. a4
Bb7 9. d3 d6 10. Nbd2 Na5 11. Ba2 c5 12. Nf1 bxa4 13. Ne3 Bc8 14. Bd2 Bd7 15.
Bxa5 Qxa5 16. c3 Rab8 17. Bb3 Qb6 18. Bxa4 Bxa4 19. Qxa4 Qxb2 20. Qxa6 Qxc3 21.
Nf5 Rfe8 22. Nxe7+ Rxe7 23. Qxd6 Rbe8 24. Rec1 Rd7 25. Rxc3 Rxd6 26. Rxc5 Rxd3
27. Rxe5 Red8 28. Ne1 Rd1 29. Rxd1 Rxd1 30. Kf1 g6 31. f3 Nh5 32. Ke2 Ra1 33.
Nd3 Ra2+ 34. Kf1 Ra1+ 35. Ke2 Ra2+ 36. Kf1 Ra1+ 37. Kf2 Ra2+ 38. Kf1 1/2-1/2

[Event "3rd FIDE Grand Prix Series 2014/15"]
[Site "Tbilisi GEO"]
[Date "2015.02.22"]
[Round "7"]
[White "Jobava, Ba"]
[Black "Dominguez Perez, L."]
[Result "1-0"]
[WhiteElo "2696"]
[BlackElo "2726"]
[PlyCount "131"]
[EventDate "2015.02.14"]

1. e4 e5 2. Nf3 Nc6 3. Be2 Nf6 4. d3 d5 5. Nbd2 Bc5 6. c3 a5 7. a4 O-O 8. O-O
Re8 9. h3 h6 10. Re1 Be6 11. Nh2 Ne7 12. Bf1 Ng6 13. Nhf3 dxe4 14. dxe4 c6 15.
Qc2 Qc7 16. Nc4 Red8 17. Be3 Bxe3 18. Nxe3 Rdb8 19. Rad1 Rd8 20. g3 Qb6 21. Nd2
Qc7 22. Kg2 Nf8 23. Nf3 N8d7 24. b4 axb4 25. cxb4 Qb6 26. Rb1 Qa7 27. Ra1 Qb6
28. Reb1 Qc7 29. a5 Rdc8 30. Bc4 Qd6 31. Nd2 b6 32. Bxe6 Qxe6 33. Nb3 Rcb8 34.
Nc4 bxa5 35. bxa5 Rb5 36. a6 Ne8 37. Rd1 Nc5 38. Nxc5 Rxc5 39. Ra4 Nc7 40. a7
Nb5 41. Qd3 Rxa7 42. Rxa7 Rxc4 43. Qd8+ Kh7 44. Re7 Qf6 45. Qd7 Rd4 46. Rxd4
Nxd4 47. Rxf7 Qg6 48. f3 c5 49. h4 h5 50. Kh3 Qh6 51. g4 hxg4+ 52. Qxg4 Kg8 53.
Rc7 Ne6 54. Rc8+ Kf7 55. Qf5+ Ke7 56. Qxe5 Kd7 57. Ra8 Nf4+ 58. Kg4 Qxh4+ 59.
Kxh4 Ng6+ 60. Kg3 Nxe5 61. Kf4 Kd6 62. Rd8+ Nd7 63. Rg8 c4 64. Rxg7 Ne5 65. Ke3
c3 66. f4 1-0

[Event "3rd FIDE Grand Prix Series 2014/15"]
[Site "Tbilisi GEO"]
[Date "2015.02.22"]
[Round "7"]
[White "Grischuk, A."]
[Black "Mamedyarov, S."]
[Result "0-1"]
[WhiteElo "2810"]
[BlackElo "2759"]
[PlyCount "126"]
[EventDate "2015.02.14"]

1. d4 d5 2. c4 e6 3. Nc3 Nf6 4. Nf3 c6 5. Bg5 Nbd7 6. e3 Bb4 7. Rc1 Qa5 8. Nd2
Ne4 9. Ncxe4 dxe4 10. Bh4 Qxa2 11. Be2 Qa5 12. O-O Bxd2 13. Ra1 Qb4 14. Qc2 c5
15. Ra4 Qb6 16. Qxd2 e5 17. Ra5 Qh6 18. Bg3 exd4 19. Bf4 g5 20. Bg3 d3 21. Bd1
b6 22. Ra1 f5 23. Ba4 O-O 24. f3 Qe6 25. fxe4 fxe4 26. Bxd7 Rxf1+ 27. Rxf1 Bxd7
28. Qc3 Qe7 29. b3 Re8 30. Qa1 a5 31. Be1 Rd8 32. Rf2 h6 33. Bd2 Rf8 34. Rxf8+
Qxf8 35. Qe5 Qe8 36. Qf6 Qe6 37. Qd8+ Kf7 38. Bc3 Qd6 39. Bd2 Qe6 40. Bc3 a4
41. bxa4 Bxa4 42. Qc7+ Ke8 43. Bd2 Bd7 44. h3 Ke7 45. Qb8 h5 46. Qh8 Qxc4 47.
Qe5+ Qe6 48. Qxg5+ Kd6 49. Qxh5 b5 50. Qh8 b4 51. h4 Qa2 52. Qf6+ Kc7 53. Qf2
b3 54. Bc3 Qxf2+ 55. Kxf2 Kc6 56. Ke1 Kb5 57. h5 Ka4 58. Bb2 Kb4 59. Kd2 c4 60.
g3 Bg4 61. h6 Bf5 62. g4 Bg6 63. Bf6 Ka3 0-1

[Event "3rd FIDE Grand Prix Series 2014/15"]
[Site "Tbilisi GEO"]
[Date "2015.02.22"]
[Round "7"]
[White "Kasimdzhanov, R."]
[Black "Radjabov, T."]
[Result "1/2-1/2"]
[WhiteElo "2705"]
[BlackElo "2731"]
[PlyCount "60"]
[EventDate "2015.02.14"]

1. d4 Nf6 2. c4 g6 3. Nc3 d5 4. cxd5 Nxd5 5. Bd2 Bg7 6. e4 Nxc3 7. Bxc3 O-O 8.
Qd2 c5 9. d5 e6 10. Bc4 Bxc3 11. bxc3 exd5 12. Bxd5 Nd7 13. Nf3 Nf6 14. O-O Re8
15. Rfe1 Bg4 16. Ng5 Be6 17. c4 Bxd5 18. exd5 b5 19. cxb5 Qxd5 20. Qxd5 Nxd5
21. Ne4 a6 22. bxa6 Rxa6 23. Nxc5 Rxe1+ 24. Rxe1 Rxa2 25. g3 Nf6 26. Ne4 Nxe4
27. Rxe4 Ra1+ 28. Kg2 Kg7 29. h4 h5 30. Re3 Ra2 1/2-1/2

[Event "3rd FIDE Grand Prix Series 2014/15"]
[Site "Tbilisi GEO"]
[Date "2015.02.22"]
[Round "7"]
[White "Tomashevsky, E."]
[Black "Svidler, P."]
[Result "1/2-1/2"]
[WhiteElo "2716"]
[BlackElo "2739"]
[PlyCount "55"]
[EventDate "2015.02.14"]

1. d4 Nf6 2. c4 g6 3. Nc3 d5 4. Bg5 Bg7 5. Bxf6 Bxf6 6. cxd5 c6 7. e4 Bg7 8.
dxc6 Nxc6 9. d5 Qb6 10. Qd2 Nd4 11. Nge2 O-O 12. Nxd4 Bxd4 13. Bd3 Bd7 14. O-O
Rac8 15. Rab1 Rc7 16. Kh1 Rfc8 17. f4 Qa5 18. f5 Kg7 19. d6 Bxc3 20. bxc3 Qxc3
21. Qf4 exd6 22. fxg6 fxg6 23. Rbc1 Qxc1 24. Qf6+ Kh6 25. Qh4+ Kg7 26. Qf6+ Kh6
27. Qh4+ Kg7 28. Qf6+ 1/2-1/2

[Event "3rd FIDE Grand Prix Series 2014/15"]
[Site "Tbilisi GEO"]
[Date "2015.02.22"]
[Round "7"]
[White "Jakovenko, D."]
[Black "Giri, A."]
[Result "1-0"]
[WhiteElo "2733"]
[BlackElo "2797"]
[PlyCount "113"]
[EventDate "2015.02.14"]

1. Nf3 f5 2. d4 Nf6 3. c4 g6 4. g3 d6 5. Bg2 Bg7 6. O-O O-O 7. Nc3 c6 8. Rb1
Ne4 9. Qc2 Nxc3 10. bxc3 e5 11. dxe5 dxe5 12. Ba3 Rf7 13. Rfd1 Nd7 14. e4 Bf8
15. Bxf8 Qxf8 16. Qd2 Rf6 17. exf5 gxf5 18. Qg5+ Rg6 19. Qe3 e4 20. Nh4 Rg7 21.
f3 exf3 22. Qxf3 Nc5 23. Rd4 Ne6 24. Rd2 Ng5 25. Qf4 Be6 26. Re1 Qf6 27. Qd4
Rf8 28. Rf2 Rgf7 29. Qxf6 Rxf6 30. Rf4 h6 31. a3 Kg7 32. Re5 Kg8 33. Bf1 a6 34.
Kg2 Rd8 35. g4 Rd2+ 36. Re2 Rd3 37. gxf5 Bf7 38. Re8+ Bxe8 39. Bxd3 c5 40. Rg4
Rb6 41. Ng6 Rb2+ 42. Kg3 Bxg6 43. fxg6 Rb3 44. Bf5 Rxc3+ 45. Kg2 Rxa3 46. h4
Ra2+ 47. Kg3 Ra3+ 48. Kg2 Ra2+ 49. Kg3 Ra3+ 50. Kf4 Nh3+ 51. Ke5 Kg7 52. Rg2
Rf3 53. Rd2 Nf4 54. Rd7+ Kg8 55. Rxb7 Nh5 56. Be6+ Kf8 57. Ke4 1-0

[Event "Bundesliga 2014/15"]
[Site "Munich GER"]
[Date "2015.02.22"]
[Round "11"]
[White "Li, Chao b"]
[Black "Areshchenko, Alexander"]
[Result "0-1"]
[WhiteElo "2711"]
[BlackElo "2654"]
[PlyCount "80"]
[EventDate "2014.10.18"]
[EventType "team"]
[WhiteTeam "SK Schwaebisch Hall"]
[BlackTeam "Werder Bremen"]

1. Nf3 c5 2. e4 d6 3. d4 cxd4 4. Nxd4 Nf6 5. Nc3 a6 6. Be2 e5 7. Nb3 Be7 8. O-O
O-O 9. Qd3 Nc6 10. Nd5 Nxd5 11. exd5 Nb8 12. f4 Nd7 13. f5 b6 14. Be3 Bb7 15.
Nd2 Qc7 16. c4 b5 17. b3 bxc4 18. bxc4 Rfb8 19. Rac1 Qd8 20. Ne4 Nf6 21. Bf3 a5
22. Nc3 Ba6 23. Be2 Rb2 24. Rf2 Nd7 25. Nb5 Bxb5 26. cxb5 Rxa2 27. Qb3 Bg5 28.
Bxg5 Qxg5 29. Rc7 Ra1+ 30. Bf1 Nc5 31. Qc3 Rb1 32. f6 gxf6 33. Rf3 Ne4 34. Qc2
Nd2 35. Rf2 Rxf1+ 36. Rxf1 Qe3+ 37. Kh1 Nxf1 38. Qd1 Qf4 39. Qh5 Qxh2+ 40. Qxh2
Nxh2 0-1

[Event "Bundesliga 2014/15"]
[Site "Berlin GER"]
[Date "2015.02.22"]
[Round "11"]
[White "Almasi, Zoltan"]
[Black "Rapport, Richard"]
[Result "0-1"]
[WhiteElo "2695"]
[BlackElo "2720"]
[PlyCount "100"]
[EventDate "2014.10.18"]
[EventType "team"]
[WhiteTeam "USV TU Dresden"]
[BlackTeam "SV 1930 Hockenheim"]

1. e4 g6 2. d4 Bg7 3. Nc3 d6 4. Be3 a6 5. Qd2 Nd7 6. O-O-O b5 7. h4 h6 8. f4 h5
9. Nf3 Nb6 10. Ng5 d5 11. Bd3 Nh6 12. e5 Bg4 13. e6 f5 14. Rde1 Qd6 15. Ne2
Bxe2 16. Rxe2 O-O 17. Rhe1 Nc4 18. Bxc4 dxc4 19. Bg1 Qd5 20. Qe3 Rad8 21. c3
Bf6 22. Qf3 Qd6 23. Re5 Bxe5 24. Rxe5 b4 25. cxb4 Qxb4 26. Qc3 Qb7 27. Qf3 Rb8
28. Qxb7 Rxb7 29. Re2 Rfb8 30. Bf2 c3 31. b3 a5 32. Be1 a4 33. Bxc3 axb3 34. a4
b2+ 35. Bxb2 Ra8 36. Nf3 Ng4 37. Ne5 Nxe5 38. fxe5 Rxa4 39. Rc2 Ra5 40. Bc3 Ra6
41. d5 Rb5 42. Rd2 Rc5 43. Kb2 Rb6+ 44. Kc2 Rb8 45. d6 cxd6 46. exd6 exd6 47.
Rxd6 Rbc8 48. Rd3 Re5 49. Kd2 Rxe6 50. Rd7 Rcc6 0-1

[Event "Bundesliga 2014/15"]
[Site "Eppingen GER"]
[Date "2015.02.22"]
[Round "11"]
[White "Harikrishna, Pentala"]
[Black "Donchenko, Alexander"]
[Result "1-0"]
[WhiteElo "2727"]
[BlackElo "2501"]
[PlyCount "69"]
[EventDate "2014.10.18"]
[EventType "team"]
[WhiteTeam "SC Eppingen"]
[BlackTeam "SC Hansa Dortmund"]

1. e4 c5 2. Nf3 d6 3. d4 cxd4 4. Nxd4 Nf6 5. Nc3 a6 6. h3 e6 7. g4 Be7 8. Bg2
Nfd7 9. g5 Nc6 10. h4 Qb6 11. Nce2 Nde5 12. Nxc6 Nxc6 13. b3 h6 14. Be3 Qa5+
15. Qd2 hxg5 16. Qxa5 Nxa5 17. hxg5 Rxh1+ 18. Bxh1 Nc6 19. O-O-O b5 20. Bg2 Bb7
21. Rh1 Rc8 22. Rh8+ Kd7 23. Rh7 Nb4 24. c3 Bf8 25. Bd4 Ke7 26. Kd2 Nxa2 27. b4
a5 28. bxa5 b4 29. cxb4 Nxb4 30. Bc3 Rc4 31. Ng3 Na2 32. Bxg7 Bxg7 33. Rxg7 Kf8
34. Rh7 Kg8 35. g6 1-0

[Event "Bundesliga 2014/15"]
[Site "Eppingen GER"]
[Date "2015.02.22"]
[Round "11"]
[White "Aronian, Levon"]
[Black "Fier, Alexandr"]
[Result "1-0"]
[WhiteElo "2793"]
[BlackElo "2589"]
[PlyCount "85"]
[EventDate "2014.10.18"]
[EventType "team"]
[WhiteTeam "OSG Baden-Baden"]
[BlackTeam "SF Katernberg"]

1. c4 c5 2. Nf3 Nc6 3. Nc3 g6 4. e3 Nf6 5. d4 cxd4 6. exd4 d5 7. cxd5 Nxd5 8.
Qb3 Nxc3 9. Bc4 Nd5 10. Bxd5 e6 11. Bxc6+ bxc6 12. O-O Qd5 13. Be3 Be7 14. Rfc1
Qxb3 15. axb3 Bb7 16. Ne5 O-O 17. Kf1 Rfc8 18. Nd7 Rd8 19. Nc5 Bxc5 20. Rxc5
Rd5 21. Ke1 f6 22. b4 a6 23. g4 g5 24. Kd2 Kg7 25. Kc3 Kg6 26. Kb3 h5 27. h3
Rxc5 28. dxc5 hxg4 29. hxg4 e5 30. Rd1 a5 31. Rd6 axb4 32. Kxb4 Ra2 33. b3 Ra8
34. Bd2 Rb8 35. Ka5 Bc8 36. Rxc6 Bxg4 37. Rb6 Rc8 38. b4 Bf3 39. Rd6 g4 40. Kb6
Kf7 41. c6 f5 42. c7 Ke7 43. Rd8 1-0